Cisár z Portugálie /

Na minha lista:
Detalhes bibliográficos
Autor principal: LAGERLÖFOVÁ, Selma (Author)
Outros Autores: VIKTORY, Gustáv (Translator)
Formato: Livro
Idioma:eslovaco
Publicado em: Bratislava Tatran 1969
Edição:1. vydanie
Colecção:Hviezdoslavova knižnica 164. zväzok/80. zväzok výberového radu
Tags: Adicionar Tag
Sem tags, seja o primeiro a adicionar uma tag!

MARC

LEADER 00000nam a22000003a 4500
001 0102335
003 SK-STU
005 20230602152945.1
007 ta
008 230602s ----xo-----e------000-0-----d
040 |a STU  |b slo 
041 0 |a slo 
044 |a xo 
100 1 |a LAGERLÖFOVÁ, Selma  |4 aut 
245 1 0 |a Cisár z Portugálie /  |c aut. Selma LAGERLÖFOVÁ ; prekl. Gustáv VIKTORY 
250 |a 1. vydanie 
260 |a Bratislava  |b Tatran  |c 1969 
300 |a 198 s. 
490 0 |a Hviezdoslavova knižnica   |v 164. zväzok/80. zväzok výberového radu 
700 1 |a VIKTORY, Gustáv  |4 trl 
996 |c I* 4SOA13917  |l I  |s A  |a 24  |w 0102335_0001